[Event "UZB-ch (Women)"]
[Site "Tashkent"]
[Date "2010.05.16"]
[Round "8"]
[White "Sabirova, Olga"]
[Black "Ergasheeva, Sarvinos"]
[Result "1-0"]
[WhiteElo "2205"]
[BlackElo "2008"]
[PlyCount "83"]
[EventDate "2010.05.16"]
[EventType "tourn"]
[EventRounds "11"]
[EventCountry "UZB"]
[SourceTitle "EXT 2011"]
[Source "ChessBase"]
[SourceDate "2010.11.26"]
[SourceVersion "1"]
[SourceVersionDate "2010.11.26"]
[SourceQuality "1"]

1. e4 c5 2. d3 Nc6 3. g3 g6 4. Bg2 Bg7 5. f4 e6 6. Nf3 Nge7 7. c3 b6 8. 0-0 0-0 9. Be3 Ba6 10. Bf2 Rc8 11. Re1 d5 12. e5 Qd7 13. Na3 Rfe8 14. Nc2 f6 15. exf6 Bxf6 16. d4 Nd8 17. Ne5 Qd6 18. h4 Nf7 19. Qf3 Bg7 20. Nxf7 Kxf7 21. Rad1 Nc6 22. dxc5 bxc5 23. f5 gxf5 24. Qh5+ Kf8 25. Qxh7 Rc7 26. Qh5 Ne5 27. Ne3 Bb7 28. Qg5 Qe7 29. Qxe7+ Rexe7 30. Re2 Ba6 31. Red2 c4 32. Nc2 Nd3 33. Nd4 Kf7 34. Be3 Kg6 35. Bf3 Bh6 36. Bxh6 Kxh6 37. Re2 Bc8 38. b4 a6 39. a4 e5 40. Nc2 Be6 41. Bg2 Rg7 42. Kh2 1-0

[Event "Tashkent zt 3.4 (Women)"]
[Site "Tashkent"]
[Date "2009.06.25"]
[Round "11"]
[White "Antonova, Nadezhda"]
[Black "Sabirova, Olga"]
[Result "0-1"]
[WhiteElo "1831"]
[BlackElo "2192"]
[PlyCount "50"]
[EventDate "2009.06.17"]
[EventType "tourn"]
[EventRounds "11"]
[EventCountry "UZB"]
[SourceTitle "CBM 131 Extra"]
[Source "ChessBase"]
[SourceDate "2009.09.03"]
[SourceVersion "2"]
[SourceVersionDate "2009.09.16"]
[SourceQuality "1"]

1. d4 Nf6 2. c4 g6 3. Nc3 Bg7 4. e4 d6 5. Be2 0-0 6. Nf3 e5 7. d5 a5 8. Bg5 h6 9. Bh4 Qe8 10. Nd2 Bd7 11. 0-0 Nh7 12. c5 dxc5 13. d6 g5 14. dxc7 Na6 15. Bxa6 Rxa6 16. Bg3 Be6 17. Qe2 Qc6 18. Nb5 a4 19. Nb1 Ra5 20. N1a3 c4 21. Qd2 Rxb5 22. Nxb5 Qxb5 23. Qd6 Rc8 24. b3 Qa5 25. Qd8+ Rxd8 0-1

[Event "UZB-ch (Woman)"]
[Site "Tashkent"]
[Date "2009.06.08"]
[Round "11"]
[White "Gevorgyan, Irina"]
[Black "Sabirova, Olga"]
[Result "1/2-1/2"]
[WhiteElo "2168"]
[BlackElo "2192"]
[PlyCount "71"]
[EventDate "2009.05.29"]
[EventType "tourn"]
[EventRounds "11"]
[EventCountry "UZB"]
[SourceTitle "CBM 130 Extra"]
[Source "ChessBase"]
[SourceDate "2009.07.02"]
[SourceVersion "2"]
[SourceVersionDate "2009.07.15"]
[SourceQuality "1"]

1. d4 e6 2. c4 c5 3. Nf3 Nf6 4. Nc3 cxd4 5. Nxd4 Bb4 6. Qb3 Na6 7. Bd2 0-0 8. e3 b6 9. Be2 Bb7 10. 0-0 Bxc3 11. Bxc3 d5 12. Rfd1 Ne4 13. Be1 Nac5 14. Qa3 a5 15. cxd5 exd5 16. f3 Nd6 17. Nb5 Nxb5 18. Bxb5 Qg5 19. Rd4 h5 20. Bh4 Qh6 21. Rad1 Rfc8 22. Bg3 Ne6 23. R4d2 h4 24. Be5 h3 25. Bd7 Rd8 26. Bxe6 Qxe6 27. Bd4 Rdc8 28. Qb3 Rc6 29. Rf1 Ba6 30. Re1 Rac8 31. Qd1 Qf5 32. Bc3 Rg6 33. g3 Bb7 34. Rd4 Rc4 35. Rxc4 dxc4 36. e4 1/2-1/2

[Event "UZB-ch (Woman)"]
[Site "Tashkent"]
[Date "2009.06.07"]
[Round "10"]
[White "Sabirova, Olga"]
[Black "Esonboeva, Gulruhsor"]
[Result "1-0"]
[WhiteElo "2192"]
[BlackElo "1986"]
[PlyCount "68"]
[EventDate "2009.05.29"]
[EventType "tourn"]
[EventRounds "11"]
[EventCountry "UZB"]
[SourceTitle "CBM 130 Extra"]
[Source "ChessBase"]
[SourceDate "2009.07.02"]
[SourceVersion "2"]
[SourceVersionDate "2009.07.15"]
[SourceQuality "1"]

1. e4 e5 2. Nf3 Nc6 3. Bc4 Bc5 4. c3 Bb6 5. 0-0 Nf6 6. d3 h6 7. Nbd2 0-0 8. Re1 Ng4 9. Re2 Kh8 10. h3 Nxf2 11. Rxf2 Bxf2+ 12. Kxf2 f5 13. Nf1 d6 14. Kg1 Qf6 15. N1h2 Ne7 16. Be3 c6 17. Bb3 d5 18. Bc2 Be6 19. Qe1 Ng6 20. exf5 Bxf5 21. Qg3 Rad8 22. Ng4 Bxg4 23. Qxg4 b6 24. Re1 Rde8 25. Bf2 c5 26. Bg3 Re6 27. Bb3 Rd8 28. h4 Ree8 29. h5 Ne7 30. Nxe5 Nf5 31. d4 Rc8 32. Ng6+ Kh7 33. Be5 Qf7 34. Bc2 Nd6 1-0

[Event "UZB-ch (Woman)"]
[Site "Tashkent"]
[Date "2009.06.06"]
[Round "9"]
[White "Khamrakulova, Iroda"]
[Black "Sabirova, Olga"]
[Result "0-1"]
[WhiteElo "2180"]
[BlackElo "2192"]
[PlyCount "144"]
[EventDate "2009.05.29"]
[EventType "tourn"]
[EventRounds "11"]
[EventCountry "UZB"]
[SourceTitle "CBM 130 Extra"]
[Source "ChessBase"]
[SourceDate "2009.07.02"]
[SourceVersion "2"]
[SourceVersionDate "2009.07.15"]
[SourceQuality "1"]

1. e4 c6 2. d4 d6 3. Nc3 Qc7 4. Nf3 e5 5. h3 Be7 6. Bc4 Nf6 7. Bb3 0-0 8. 0-0 Nbd7 9. Be3 b5 10. a3 Bb7 11. Nh4 Rfe8 12. Nf5 Bf8 13. Qf3 a6 14. Qg3 g6 15. dxe5 dxe5 16. Bg5 Nh5 17. Qh4 Nc5 18. Ba2 Ne6 19. Nh6+ Bxh6 20. Bxh6 Qd8 21. Qg4 Bc8 22. Qf3 Nhf4 23. Ne2 Nxe2+ 24. Qxe2 Nd4 25. Qd2 Be6 26. Bxe6 Rxe6 27. Kh1 Rd6 28. Qc1 Qh4 29. Be3 Qxe4 30. Bxd4 Rxd4 31. c3 Rd3 32. Re1 Qd5 33. Kg1 Rd8 34. Qg5 f5 35. h4 e4 36. h5 Qe6 37. a4 R8d6 38. axb5 cxb5 39. hxg6 hxg6 40. Re2 Qf6 41. Qxf6 Rxf6 42. g3 Rfd6 43. Kg2 Kf7 44. Rh1 Kg7 45. Rhe1 a5 46. Rb1 a4 47. Rc1 Kf6 48. Rcc2 Ke5 49. Re1 Kd5 50. Kf1 Kc4 51. Ke2 Kb3 52. Rec1 g5 53. c4 Rc6 54. c5 Kb4 55. Ke1 Rd5 56. Re2 Rcxc5 57. Ra1 Rd3 58. Kf1 Rcd5 59. Kg2 Rd2 60. Re3 Rxb2 61. g4 Rdd2 62. Rf1 f4 63. Rxe4+ Kc3 64. Re5 a3 65. Rxg5 a2 66. Rc5+ Kd4 67. Rcc1 b4 68. Kf3 b3 69. g5 Ke5 70. g6 Kf6 71. Rc6+ Kg7 72. Rc7+ Kxg6 0-1